The art of Islamic banking and finance : tools and techniques for community-based banking / (Record no. 71500)
[ view plain ]
| 000 -LEADER | |
|---|---|
| fixed length control field | 03699cam a2200349 a 4500 |
| 001 - CONTROL NUMBER | |
| control field | 15810516 |
| 003 - CONTROL NUMBER IDENTIFIER | |
| control field | NUST - PNEC |
| 005 - DATE AND TIME OF LATEST TRANSACTION | |
| control field | 20170116181202.0 |
| 008 - FIXED-LENGTH DATA ELEMENTS--GENERAL INFORMATION | |
| fixed length control field | 090710s2010 njua b 001 0 eng |
| 010 ## - LIBRARY OF CONGRESS CONTROL NUMBER | |
| LC control number | 2009028344 |
| 020 ## - INTERNATIONAL STANDARD BOOK NUMBER | |
| International Standard Book Number | 9780470449936 (hardback) |
| 020 ## - INTERNATIONAL STANDARD BOOK NUMBER | |
| International Standard Book Number | 0470449934 (hardback) |
| 035 ## - SYSTEM CONTROL NUMBER | |
| System control number | (OCoLC)ocn368019346 |
| 040 ## - CATALOGING SOURCE | |
| Transcribing agency | LIBRARY |
| 050 00 - LIBRARY OF CONGRESS CALL NUMBER | |
| Classification number | HG3368.A6 |
| Item number | A244 2010 |
| 082 00 - DEWEY DECIMAL CLASSIFICATION NUMBER | |
| Classification number | 332.1091 ABD |
| Edition number | 22 |
| 100 1# - MAIN ENTRY--PERSONAL NAME | |
| Personal name | Abdul-Rahman, Yahia, |
| Dates associated with a name | 1944- |
| 245 14 - TITLE STATEMENT | |
| Title | The art of Islamic banking and finance : tools and techniques for community-based banking / |
| Statement of responsibility, etc. | Yahia Abdul-Rahman. |
| 250 ## - EDITION STATEMENT | |
| Edition statement | - |
| 260 ## - PUBLICATION, DISTRIBUTION, ETC. | |
| Place of publication, distribution, etc. | Hoboken, N.J. : |
| Name of publisher, distributor, etc. | Wiley, |
| Date of publication, distribution, etc. | c2010. |
| 300 ## - PHYSICAL DESCRIPTION | |
| Extent | xxxv, 396 p. : |
| Other physical details | ill. ; |
| Dimensions | 24 cm. |
| 490 1# - SERIES STATEMENT | |
| Series statement | The Wiley finance series |
| 504 ## - BIBLIOGRAPHY, ETC. NOTE | |
| Bibliography, etc. note | Includes bibliographical references and index. |
| 520 ## - SUMMARY, ETC. | |
| Summary, etc. | "A detailed look at the fast-growing field of Islamic banking and finance The Art of Islamic Banking and Finance is a modern American take on what it means to incorporate Islamic finance principles into everyday banking and investment techniques by introducing a new brand of banking for all people of all faiths: The Riba-Free (RF) banking. The author is considered the father of RF (Islamic) banking in America. He has been a banker and an Imam/scholar for over 40 years in America since 1968. He started the tedious process with a finance company, LARIBA, in Pasadena, California in 1987. This is the first book ever in the field to trace the origins of prohibiting the renting of money at a price called interest rate and over-indulging in debt. The book reviews in great details the theological foundations of prohibiting interest in the Jewish Bible, the Christian Bible, and the Qur'aan. The author then discusses money and how fiat money is created, the role of the Federal Reserve, and the banking system in America. The book also discusses for the first time ever how to include an important aspect of RF (Islamic) finance using commodity indexation and marking the items to be financed to market in order to avoid participating in economic "bubbles." The author discusses how these rules work, how they affect consumer behavior, and how they change the role of the banker/financier. Covers a new pioneering model that is based on the Law (Shari'aa) and how it is applied in every transaction from joint ventures and portfolio management to home mortgages and personal financing. Shows how to incorporate the Law (Shari'aa) into American financing and banking systems. Points to RF (Islamic) finance and banking as a way to emphasize socially responsible investing The Art of Islamic Banking and Finance also includes a discussion on the emergence of a culture of RF (Islamic) banking and finance today, which is based on the real Judeo-Christian-Islamic spirit and very effective when compared to twentieth-century models that use financial engineering and structuring techniques to circumvent the Law (Shari'aa). The book also includes case studies based on the actual experience of the author and detailed analysis of the superior results realized by applying this new brand of banking to financing"--Provided by publisher. |
| 650 #0 - SUBJECT ADDED ENTRY--TOPICAL TERM | |
| Topical term or geographic name entry element | Banks and banking |
| Geographic subdivision | Islamic countries. |
| 650 #0 - SUBJECT ADDED ENTRY--TOPICAL TERM | |
| Topical term or geographic name entry element | Finance |
| Geographic subdivision | Islamic countries. |
| General subdivision | MIS, General |
| 830 #0 - SERIES ADDED ENTRY--UNIFORM TITLE | |
| Uniform title | Wiley finance series. |
| 856 ## - ELECTRONIC LOCATION AND ACCESS | |
| Uniform Resource Identifier | <a href="http://www.amazon.com/Art-Islamic-Banking-Finance-Community-Based/dp/0470449934/ref=sr_1_1?ie=UTF8&qid=1455707402&sr=8-1&keywords=9780470449936">http://www.amazon.com/Art-Islamic-Banking-Finance-Community-Based/dp/0470449934/ref=sr_1_1?ie=UTF8&qid=1455707402&sr=8-1&keywords=9780470449936</a> |
| 906 ## - LOCAL DATA ELEMENT F, LDF (RLIN) | |
| a | 7 |
| b | cbc |
| c | orignew |
| d | 1 |
| e | ecip |
| f | 20 |
| g | y-gencatlg |
| 942 ## - ADDED ENTRY ELEMENTS (KOHA) | |
| Source of classification or shelving scheme | |
| Koha item type | Book |
| Withdrawn status | Lost status | Source of classification or shelving scheme | Materials specified (bound volume or other part) | Damaged status | Not for loan | Permanent Location | Current Location | Shelving location | Date acquired | Source of acquisition | Cost, normal purchase price | Total Checkouts | Full call number | Barcode | Date last seen | Cost, replacement price | Price effective from | Koha item type |
|---|---|---|---|---|---|---|---|---|---|---|---|---|---|---|---|---|---|---|
| hardbound | Pakistan Navy Engineering College (PNEC) | Pakistan Navy Engineering College (PNEC) | 01/07/2016 | Pak Asian Book / Lib Grant | 6912.00 | 332.1091 ABD | PNECLIB-032659 | 02/17/2016 | 6912.00 | 01/07/2016 | Book |
